000 00895nam a22002537a 4500
999 _c20510
_d20510
003 AR-CdUCM
008 190502b ||||| |||| 00| 0 spa d
040 _aMUNICIPALIDAD PROVINCIAL DEL CUSCO
_cBIBLIOTECA MUNICIPAL DEL CUSCO
082 _a985.009 /
_bAL47
100 _aAlva Orlandini, Hernan
_935590
110 _aBiblioteca Hombres del Perú
_936611
245 _aPedro Cieza de León /
260 _aLima :
_bInca,
_c1964.
300 _a159 páginas ;
_c20 cm.
_bDibujos de personajes,
440 _a2
_910802
500 _a[libro reempastado]
505 _aContenido; Pedro C. de León -- Pedro Sarmiento de Gamboa -- Los años oscuros (1532-1564).
650 _aCieza de León
_942868
650 _aCrónicas de Cieza deLeón
_942869
650 _aCrónicas peruanas
_93130
700 _aEspinoza, Waldimar y Aranibar Zerpa, Carlos
_942870
942 _2ddc
_cLIBROS
945 _aAndy